| 000 | 00767nam a22002417a 4500 | ||
|---|---|---|---|
| 003 | dpl | ||
| 005 | 20180806142513.0 | ||
| 008 | 180806b xxu||||| |||| 00| 0 eng d | ||
| 010 | _aB-227192 | ||
| 020 |
_c395.00 _a9788178242033 |
||
| 035 | _aB-227192, B-227196 | ||
| 037 | _bCen Lib/Ret | ||
| 040 |
_aDPL _bEN _c0 |
||
| 082 |
_a325.3 _bPOS |
||
| 245 |
_aPostcolonial studies and beyond / _cedited by Ania Loomba...[et al.]. |
||
| 260 |
_aRanikhet _bPermanent Black _c2006 |
||
| 300 |
_ax,499. _c21cm(pbk) |
||
| 500 | _aIncludes bibliographical references and index | ||
| 650 |
_aPostcolonialism -- Congresses _938951 |
||
| 650 |
_aGlobalization -- Congresses _938952 |
||
| 700 |
_aLoomba, Ania _938953 |
||
| 942 |
_2ddc _cEN _h325.3 _mPOS |
||
| 999 |
_c133800 _d133800 |
||